|
|
|
|
| LEADER |
00841nam a2200193 i 4500 |
| 003 |
GR-PaULI |
| 005 |
20220113135910.0 |
| 008 |
210120s2008 gr a 000 0 gre d |
| 952 |
|
|
|0 0
|1 0
|2 ddc
|4 0
|6 949_522000000000000_ΛΑΔ
|7 0
|9 354294
|a LISP
|b LISP
|c DON
|d 2022-01-13
|e ΠΑΤ
|i 146677
|l 0
|o 949.522 ΛΑΔ
|p 025000272957
|r 2022-01-13 00:00:00
|t 1
|w 2022-01-13
|y BKN
|
| 999 |
|
|
|c 207728
|d 207728
|
| 040 |
|
|
|a GR-PaULI
|b gre
|c GR-PaULI
|e AACR2
|
| 082 |
0 |
4 |
|2 23
|a 949.522
|
| 100 |
1 |
|
|9 47052
|a Λαδάς, Βασίλης,
|d 1946-
|e συγγραφέας.
|
| 245 |
1 |
3 |
|a Το Κρανίδι και οι αλήθειες του /
|c Βασίλης Λαδάς.
|
| 260 |
|
|
|a Αθήνα :
|b [χ.ό.],
|c 2008.
|
| 300 |
|
|
|a 445 σ. :
|b εικ. ;
|c 20 εκ.
|
| 651 |
|
4 |
|9 189314
|a Κρανίδι (Αργολίδα)
|x Ιστορία.
|
| 942 |
|
|
|2 ddc
|c BKN
|
| 998 |
|
|
|c ΜΠΟΥΡΑΣ
|d 2022-01
|